| 000 | 01146nam a22002657a 4500 | ||
|---|---|---|---|
| 999 |
_c13984 _d13984 |
||
| 003 | AR-CdUCM | ||
| 008 | 190417b ||||| |||| 00| 0 spa d | ||
| 020 | _a84-7031-232-4 | ||
| 040 |
_aMUNICIPALIDAD PROVINCIAL DEL CUSCO _cBIBLIOTECA MUNICIPAL DEL CUSCO |
||
| 041 | _heng | ||
| 082 |
_a724.9 / _bD57 |
||
| 100 |
_aDent, Roger N. _932634 |
||
| 245 |
_aNuevos caminos de la arquitectura : _bArquitectura neumática / |
||
| 260 |
_aBarcelona : _bBlume, _c1975. |
||
| 300 |
_a230 páginas ; _bfotografías, _c24 cm. |
||
| 440 |
_aColección nuevos caminos de la Arquitectura. _932635 |
||
| 505 | _aContenido: Introducción a la neumática -- Desarrollo de las estructuras neumáticas -- Análisis del comportamiento de las estructuras neumáticas -- Técnicas de la construcción neumática -- Aplicaciones neumáticas para Arquitectónicas y no-Arquitectónicas ... | ||
| 650 |
_aArquitectura neumátiaca _932636 |
||
| 650 |
_aEstructuras neumáticas _932637 |
||
| 650 |
_aArquitectura contemporánea _932638 |
||
| 650 |
_aHistoria _9136 |
||
| 700 |
_aVinyes, Joan (traducción) _932639 |
||
| 942 |
_2ddc _cLIBROS |
||
| 945 |
_aachl _d2019-04-17 |
||